| 000 | 00768nam a22002537a 4500 | ||
|---|---|---|---|
| 001 | 002145875789 | ||
| 003 | DO-SdBNP | ||
| 005 | 20180221092216.0 | ||
| 007 | 002145875789 | ||
| 008 | 161214b 1994 nyu a ||||| |||| 00| 0 spa d | ||
| 020 | _a0673363015 | ||
| 040 |
_aBPMSU _bspa _cBPMSU |
||
| 100 | 1 |
_aGuthrie, Woody _d |
|
| 245 | 1 | 0 |
_aEnviarme a ti / _cescrita por Woody Guthrie ; ilustrada por Vera Rosenberry. |
| 260 |
_aGlenview, IL : _bGoodYearBooks, _c[1994]. |
||
| 300 |
_a8 p. : _bil. ; _c18 cm. |
||
| 490 | 1 |
_aDéjame leer _v2 |
|
| 500 | _aPara niños de 3 a 5 años | ||
| 700 | 1 | 2 |
_aRosenberry, Vera, _eil. |
| 830 | 0 |
_aDéjame leer ; _v2 |
|
| 942 |
_2ddc _cBK |
||
| 945 | _aInventariado, 2018/MFF | ||
| 956 |
_2LOPEREZ _310 _620161214 _8BPMSU _a00041 |
||
| 999 |
_c12433 _d12433 |
||